[Event "Boa Vista Regional Norte-ch"]
[Site "Boa Vista"]
[Date "2024.06.02"]
[Round "6"]
[White "Pantoja, Paulo Andre Carneir"]
[Black "Carvalho, Hector Leite"]
[Result "0-1"]
[WhiteElo "1791"]
[BlackElo "1815"]
[PlyCount "42"]
[EventDate "2024.05.30"]
[EventType "swiss"]
[EventRounds "6"]
[EventCountry "BRA"]
[SourceTitle "CBM 220 Extra"]
[Source "ChessBase"]
[SourceDate "2024.07.31"]
[SourceVersion "1"]
[SourceVersionDate "2024.07.31"]
[SourceQuality "1"]

1. e4 e5 2. Nf3 Nc6 3. d4 exd4 4. Nxd4 Qf6 5. Be3 Bc5 6. c3 Nge7 7. Be2 d6 8. Qd3 Ne5 9. Qd2 Qg6 10. Bf3 Bxd4 11. Bxd4 Nxf3+ 12. gxf3 Qg2 13. Rf1 Bh3 14. Qe2 Ng6 15. Nd2 Nf4 16. Qe3 Qxh2 17. 0-0-0 Bxf1 18. Rxf1 Ne6 19. c4 f6 20. Bc3 Qf4 21. Qe2 h5 0-1

[Event "Boa Vista Regional Norte-ch"]
[Site "Boa Vista"]
[Date "2024.05.31"]
[Round "3"]
[White "Pantoja, Paulo Andre Carneir"]
[Black "Barreto, Helder Girao"]
[Result "0-1"]
[WhiteElo "1791"]
[BlackElo "1810"]
[PlyCount "62"]
[EventDate "2024.05.30"]
[EventType "swiss"]
[EventRounds "6"]
[EventCountry "BRA"]
[SourceTitle "CBM 220 Extra"]
[Source "ChessBase"]
[SourceDate "2024.07.31"]
[SourceVersion "1"]
[SourceVersionDate "2024.07.31"]
[SourceQuality "1"]

1. e4 d6 2. d4 Nc6 3. Nf3 Bg4 4. Be2 Nf6 5. Nc3 a6 6. h3 Bh5 7. Bf4 Bxf3 8. Bxf3 e5 9. dxe5 dxe5 10. Qxd8+ Rxd8 11. Bg3 Bb4 12. 0-0 h6 13. Nd5 Nxd5 14. exd5 Nd4 15. Be4 Ne2+ 16. Kh1 Nxg3+ 17. fxg3 0-0 18. Rad1 g6 19. a3 Bc5 20. c3 f5 21. Bc2 e4 22. b4 Bd6 23. Rde1 Bxg3 24. Re3 Bh4 25. g3 Bg5 26. Re2 Kg7 27. c4 c6 28. dxc6 bxc6 29. h4 Rd2 30. Rxd2 Bxd2 31. Rd1 e3 0-1

[Event "BRA-ch U18"]
[Site "Aracaju"]
[Date "2024.05.22"]
[Round "2"]
[White "Pironti, Francisco Ferrari"]
[Black "Pantoja, Paulo Andre Carneir"]
[Result "1-0"]
[WhiteElo "1975"]
[BlackElo "1791"]
[PlyCount "77"]
[EventDate "2024.05.22"]
[EventType "swiss"]
[EventRounds "6"]
[EventCountry "BRA"]
[SourceTitle "CBM 220 Extra"]
[Source "ChessBase"]
[SourceDate "2024.07.31"]
[SourceVersion "1"]
[SourceVersionDate "2024.07.31"]
[SourceQuality "1"]

1. e4 e5 2. Nf3 Nc6 3. Bc4 Nf6 4. d3 Bc5 5. Nc3 h6 6. h3 0-0 7. g4 d6 8. g5 hxg5 9. Bxg5 Be6 10. Nd5 Bxd5 11. Bxd5 Rb8 12. Rg1 Kh8 13. Nh4 Nd4 14. c3 Ne6 15. Bxe6 fxe6 16. Ng6+ Kg8 17. Nxf8 Qxf8 18. Qe2 b5 19. b4 Bb6 20. Rg2 a5 21. Bh6 axb4 22. Bxg7 Qxg7 23. Rxg7+ Kxg7 24. cxb4 Bd4 25. 0-0-0 c5 26. bxc5 dxc5 27. Kd2 Ra8 28. Kc1 Rh8 29. Rg1+ Kf7 30. Qf3 c4 31. dxc4 bxc4 32. Qe2 Rxh3 33. Rg3 Rh1+ 34. Kc2 c3 35. Qb5 Nxe4 36. Qb7+ Kf6 37. Qg7+ Kf5 38. Qg6+ Kf4 39. Qg4# 1-0